[Event "1. liga V 18/19, Trinec-Kromeriz"]
[Site ""]
[Date "2018.12.09"]
[Round "4.3"]
[White "Walek, Milan"]
[Black "Dvorak, Martin"]
[Result "1-0"]
[WhiteElo "2304"]
[BlackElo "2170"]
[PlyCount "0"]
[WhiteTeam "TZ Trinec"]
[BlackTeam "Slavia Kromeriz"]
[EventDate "2018.10.21"]

1. e4 Nf6 2. Nc3 d5 3. exd5 Nxd5 4. g3 Nc6 5. Bg2 Nf6 6. Nge2 e5 7. d3 Bg4 8.
h3 Be6 9. f4 Bd6 10. fxe5 Bxe5 11. Bf4 Nd5 12. Qd2 Nxf4 13. Nxf4 Qd4 14. a3
O-O-O 15. O-O-O Bd7 16. Rhf1 Rhf8 17. Rde1 h6 18. Re4 Qd6 19. Rc4 Bxf4 20. gxf4
a6 21. Qf2 f5 22. Rc5 Ne7 23. Re5 g5 24. Rfe1 Ng6 25. Qa7 c6 26. Na4 Nxe5 27.
fxe5 Qb8 28. Qc5 Be6 29. d4 Qc7 30. Qa7 Qf7 31. Bxc6 Rxd4 32. Qa8+ Kc7 33.
Qxb7+ Kd8 34. Qb6+ Ke7 35. Qc5+ Kd8 36. Qxd4+ 1-0

[Event "1. liga V 18/19, Trinec-Kromeriz"]
[Site ""]
[Date "2018.12.09"]
[Round "4.4"]
[White "Pastircak, Milan"]
[Black "Sikorova, Olga"]
[Result "1/2-1/2"]
[WhiteElo "2285"]
[BlackElo "2262"]
[PlyCount "0"]
[WhiteTeam "Slavia Kromeriz"]
[BlackTeam "TZ Trinec"]
[EventDate "2018.10.21"]

1. Nf3 Nf6 2. g3 g6 3. b3 Bg7 4. Bb2 O-O 5. Bg2 c5 6. c4 Nc6 7. O-O d6 8. d4
Ne4 9. Nbd2 Nxd2 10. Qxd2 cxd4 11. Nxd4 Nxd4 12. Bxd4 Bxd4 13. Qxd4 Qc7 1/2-1/2

[Event "1. liga V 18/19, Trinec-Kromeriz"]
[Site ""]
[Date "2018.12.09"]
[Round "4.5"]
[White "Sikora, Jan"]
[Black "Mudrak, Josef"]
[Result "0-1"]
[WhiteElo "2176"]
[BlackElo "2251"]
[PlyCount "0"]
[WhiteTeam "TZ Trinec"]
[BlackTeam "Slavia Kromeriz"]
[EventDate "2018.10.21"]

1. e4 c5 2. Nc3 Nc6 3. Nf3 e5 4. Bc4 Be7 5. d3 Nf6 6. Nd2 Nd4 7. Nf1 Rb8 8. a4
a6 9. Nd5 Nxd5 10. Bxd5 O-O 11. Ne3 g6 12. O-O d6 13. f4 exf4 14. Rxf4 Bg5 15.
Rf2 Kg7 16. c3 Ne6 17. Bb3 h5 18. Nd5 Bd7 19. a5 Bc6 20. Bxg5 Qxg5 21. Nf6 b5
22. axb6 Rxb6 23. Bc4 Nf4 24. Qf3 Qxf6 25. Qxf4 Qxf4 26. Rxf4 Bb7 27. b3 f6 28.
h4 Rd8 29. Ra5 f5 30. Kf2 Re8 31. b4 fxe4 32. dxe4 cxb4 33. Rf7+ Kh6 34. cxb4
Rxe4 35. Rxb7 Rxb7 36. Bd5 Rf4+ 37. Ke3 Rbxb4 38. Rxa6 Rf6 0-1

[Event "1. liga V 18/19, Trinec-Kromeriz"]
[Site ""]
[Date "2018.12.09"]
[Round "4.6"]
[White "Kapusta, Petr"]
[Black "Kocian, Karel"]
[Result "0-1"]
[WhiteElo "2217"]
[BlackElo "2113"]
[PlyCount "0"]
[WhiteTeam "Slavia Kromeriz"]
[BlackTeam "TZ Trinec"]
[EventDate "2018.10.21"]

1. e4 c5 2. Nf3 e6 3. d4 cxd4 4. Nxd4 a6 5. Bd3 Ne7 6. O-O Nec6 7. c3 Be7 8.
Nd2 d6 9. f4 Bf6 10. N2f3 b6 11. e5 dxe5 12. fxe5 Be7 13. Be4 Bd7 14. Qc2 Nxd4
15. Nxd4 Ra7 16. Bxh7 Bc5 17. Rxf7 Qh4 18. Rxg7 Qe1# 0-1

[Event "1. liga V 18/19, Trinec-Kromeriz"]
[Site ""]
[Date "2018.12.09"]
[Round "4.7"]
[White "Fargac, Martin"]
[Black "Karlik, Vladimir"]
[Result "1/2-1/2"]
[WhiteElo "2228"]
[BlackElo "2161"]
[PlyCount "0"]
[WhiteTeam "TZ Trinec"]
[BlackTeam "Slavia Kromeriz"]
[EventDate "2018.10.21"]

1. e3 Nf6 2. Nf3 d6 3. c4 g6 4. b4 Bg7 5. Bb2 O-O 6. Be2 e5 7. d3 Qe7 8. O-O c6
9. Nbd2 Nbd7 10. Qb3 Ng4 11. h3 Nh6 12. Rfe1 Kh8 13. Bf1 f5 14. b5 g5 15. Nh2
Nc5 16. Qc2 Ne6 17. bxc6 bxc6 18. Rab1 Bd7 19. Bc3 c5 20. Rb7 Nd8 21. Rbb1 Ne6
22. Rb7 Nd8 23. Rbb1 Ne6 24. Rb7 1/2-1/2

[Event "1. liga V 18/19, Trinec-Kromeriz"]
[Site ""]
[Date "2018.12.09"]
[Round "4.8"]
[White "Cagasik, Tomas"]
[Black "Pilch, Roman"]
[Result "1-0"]
[WhiteElo "2192"]
[BlackElo "2169"]
[PlyCount "0"]
[WhiteTeam "Slavia Kromeriz"]
[BlackTeam "TZ Trinec"]
[EventDate "2018.10.21"]

1. d4 Nf6 2. Bf4 b6 3. Nc3 Bb7 4. f3 d6 5. e4 Nbd7 6. Qd2 e5 7. dxe5 dxe5 8.
Be3 a6 9. O-O-O Bd6 10. g4 Qe7 11. g5 Nh5 12. Nd5 Bxd5 13. Qxd5 O-O 14. Bh3
Rad8 15. Bg4 Nf4 16. Bxf4 exf4 17. Bxd7 Rxd7 18. Ne2 Rfd8 19. Qf5 g6 20. Qg4
Be5 21. c3 Qe6 22. Rxd7 Rxd7 23. Qxe6 fxe6 24. Kc2 h6 25. Rg1 h5 26. Nc1 c5 27.
Nd3 Bc7 28. b3 e5 29. h4 Kf7 30. b4 c4 31. Nb2 b5 32. Rf1 a5 33. bxa5 Bxa5 34.
a4 bxa4 35. Nxc4 Bc7 36. Ra1 Bb8 37. Rxa4 Rb7 38. Ra5 Ke6 39. Ra6+ Kf7 40. Rf6+
Kg7 41. Re6 Rb5 42. Re7+ Kf8 43. Rd7 Rc5 44. Kd3 Bc7 45. Rd5 1-0

[Event "1. liga V 18/19, Orlova-Polabiny"]
[Site ""]
[Date "2018.12.09"]
[Round "4.1"]
[White "Mrazek, Lumir"]
[Black "Varejcko, Josef"]
[Result "1-0"]
[WhiteElo "2347"]
[BlackElo "2223"]
[PlyCount "0"]
[WhiteTeam "SK Slavia Orlova"]
[BlackTeam "2222 SK Polabiny "C""]
[EventDate "2018.10.21"]

1. e4 g6 2. d4 Bg7 3. c4 c5 4. Nf3 cxd4 5. Nxd4 Nc6 6. Be3 Nf6 7. Nc3 O-O 8.
Be2 d6 9. O-O Bd7 10. Nc2 Rc8 11. f3 Ne5 12. Bxa7 Nxc4 13. Bxc4 Rxc4 14. Qd3
Rc8 15. Qe3 Qa5 16. Bb6 Qh5 17. Rfd1 Ba4 18. Nxa4 Rxc2 19. Qb3 Rc6 20. Be3 b5
21. Nc3 Rb8 22. Nd5 Nxd5 23. Rxd5 Qh4 24. g3 Qh3 25. Rxb5 Rbc8 26. Rb8 Be5 27.
Rxc8+ Rxc8 28. Rc1 h5 29. Rxc8+ Qxc8 30. Kg2 Qa6 31. Kf2 Qc8 32. Kg2 Qa6 33.
Kf2 Qc8 34. f4 Bf6 35. a4 Qh3 36. Kg1 Qg4 37. Bf2 h4 38. Qd3 Qc8 39. b3 h3 40.
Be3 e5 41. fxe5 Bxe5 42. a5 Qc7 43. b4 d5 44. a6 d4 45. Bd2 Qb6 46. b5 Bb8 47.
Bf4 Ba7 48. Kf2 Qc5 49. Kf3 Kg7 50. Bd2 Qe5 51. Be1 Qf6+ 52. Ke2 Qe5 53. Bf2
Qh5+ 54. Kd2 Qc5 55. Bxd4+ Qxd4 56. Qxd4+ Bxd4 57. Kd3 Bf2 58. Kc4 Kf6 59. Kd5
Kg5 60. Kc6 Kg4 61. b6 Kf3 62. a7 Kg2 63. a8=Q Kxh2 64. b7 1-0

[Event "1. liga V 18/19, Orlova-Polabiny"]
[Site ""]
[Date "2018.12.09"]
[Round "4.2"]
[White "Jirasek, Pavel"]
[Black "Nedela, Vlastimil"]
[Result "1/2-1/2"]
[WhiteElo "2249"]
[BlackElo "2313"]
[PlyCount "0"]
[WhiteTeam "2222 SK Polabiny "C""]
[BlackTeam "SK Slavia Orlova"]
[EventDate "2018.10.21"]

1. e4 e5 2. Nf3 Nc6 3. Nc3 Nf6 4. d4 exd4 5. Nxd4 Bb4 6. Nxc6 bxc6 7. Bd3 O-O
8. O-O Qe7 9. Bg5 h6 10. Bh4 Qe6 11. Qf3 Ng4 12. Ne2 Bd6 13. Bg3 Ne5 14. Qh5
Nxd3 15. cxd3 Bxg3 16. Nxg3 Ba6 17. Qa5 Bxd3 18. Rfd1 Bxe4 19. Nxe4 Qxe4 20.
Rxd7 Rfe8 21. g3 Qf3 22. Qc3 Qxc3 23. bxc3 Rac8 24. Rb1 Re2 25. a4 Re4 26. a5
Ra4 27. Kg2 Rxa5 28. Rb4 Rc5 29. Rf4 f5 30. h4 h5 31. f3 a5 32. g4 hxg4 33.
fxg4 Rf8 34. Rxc7 Rf7 35. Rc8+ Rf8 36. Rc7 fxg4 37. Rxg4 Rf7 38. Rc8+ Kh7 39.
Ra8 Rf6 40. Ra4 Rff5 41. Rg4 Rf6 42. Ra4 Rd6 43. R4xa5 Rxc3 44. Rh5+ Rh6 45.
Rg5 Rg6 46. Rh8+ Kxh8 47. Rxg6 Kg8 48. Rd6 Kf7 49. Kh2 g6 50. Kg2 Kg7 51. Rd8
Kf6 52. Kf2 Kf5 53. Rd6 Rc4 54. Kf3 Rf4+ 55. Kg3 Rc4 56. Kf3 Rc5 57. Kg3 Rc3+
58. Kf2 c5 59. Rd5+ Ke4 60. Rg5 c4 61. Ke2 Rc2+ 62. Kd1 Rh2 63. Rxg6 Kd4 64.
Rg3 Rxh4 65. Kc1 c3 1/2-1/2

[Event "1. liga V 18/19, Orlova-Polabiny"]
[Site ""]
[Date "2018.12.09"]
[Round "4.3"]
[White "Zabystrzan, Pavel"]
[Black "Ludvik, Tomas"]
[Result "1-0"]
[WhiteElo "2215"]
[BlackElo "2062"]
[PlyCount "0"]
[WhiteTeam "SK Slavia Orlova"]
[BlackTeam "2222 SK Polabiny "C""]
[EventDate "2018.10.21"]

1. Nf3 Nf6 2. g3 g6 3. b3 Bg7 4. Bb2 O-O 5. Bg2 d6 6. d4 Nbd7 7. h3 Re8 8. O-O
c6 9. c4 Qc7 10. Nc3 e5 11. e3 a6 12. Rc1 Rb8 13. dxe5 Nxe5 14. Nxe5 dxe5 15.
Qe2 Be6 16. Rfd1 Rbd8 17. Na4 h5 18. Rxd8 Rxd8 19. Rd1 Rxd1+ 20. Qxd1 Nd7 21.
c5 Bf8 22. Qc2 Be7 23. Bf1 Bf8 24. Qc3 Be7 25. a3 Bf6 26. e4 Qd8 27. b4 Nf8 28.
Qc2 h4 29. g4 Nh7 30. Qd3 Qxd3 31. Bxd3 Ng5 32. Kg2 Kg7 33. Nb6 Bb3 34. Nd7 Ne6
35. Bf1 Bc2 36. f3 Nf4+ 37. Kf2 Bd3 38. g5 Bxg5 39. Bxe5+ f6 40. Bxf4 Bxf1 41.
Bxg5 Bxh3 42. Nxf6 1-0

[Event "1. liga V 18/19, Orlova-Polabiny"]
[Site ""]
[Date "2018.12.09"]
[Round "4.4"]
[White "Cerny, David"]
[Black "Lojek, Marek"]
[Result "0-1"]
[WhiteElo "2121"]
[BlackElo "2196"]
[PlyCount "0"]
[WhiteTeam "2222 SK Polabiny "C""]
[BlackTeam "SK Slavia Orlova"]
[EventDate "2018.10.21"]

1. d4 Nf6 2. Nf3 c5 3. c3 d5 4. Bf4 Nc6 5. e3 Qb6 6. Qb3 c4 7. Qxb6 axb6 8. h3
e6 9. Be2 b5 10. O-O Bd7 11. Nbd2 b4 12. cxb4 Bxb4 13. a3 Be7 14. g4 O-O 15.
Ne5 Nxe5 16. Bxe5 Bc6 17. Bxf6 gxf6 18. f4 b5 19. Nf3 Rfb8 20. Kf2 b4 21. axb4
Bxb4 22. g5 fxg5 23. fxg5 Bd6 24. Rxa8 Rxa8 25. h4 Ra2 26. Rb1 Ba4 27. Ne1 Bb4
28. h5 Bxe1+ 29. Kxe1 Bc2 30. Rc1 Rxb2 31. Ra1 Rb1+ 32. Rxb1 Bxb1 33. Kd2 f6
34. g6 hxg6 35. hxg6 Bxg6 36. Bg4 Kf7 37. Bf3 Ke7 38. Kc3 Bd3 39. Bg4 Kf7 40.
Kd2 Bf5 41. Bh5+ Kg7 42. Be8 Kh6 43. Bd7 Kg5 44. Kc3 Kg4 45. Kd2 Kf3 46. Bc8
Ke4 47. Bb7 c3+ 48. Kxc3 Kxe3 49. Bc8 Be4 50. Bxe6 f5 0-1

[Event "1. liga V 18/19, Orlova-Polabiny"]
[Site ""]
[Date "2018.12.09"]
[Round "4.5"]
[White "Kubos, Rostislav"]
[Black "Kourek, Josef"]
[Result "1/2-1/2"]
[WhiteElo "2174"]
[BlackElo "2103"]
[PlyCount "0"]
[WhiteTeam "SK Slavia Orlova"]
[BlackTeam "2222 SK Polabiny "C""]
[EventDate "2018.10.21"]

1. Nf3 Nf6 2. g3 g6 3. b3 Bg7 4. Bb2 c5 5. c4 O-O 6. Bg2 Nc6 7. O-O d6 8. Nc3
Ne4 9. Qc2 Bf5 10. Nxe4 Bxe4 11. d3 Bxb2 12. Qxb2 Bxf3 13. Bxf3 Qc7 14. Bg2
Rac8 15. f4 e6 16. Qf6 Qd8 17. Qxd8 Rfxd8 18. Kf2 b6 19. Bxc6 Rxc6 20. g4 d5
21. Kg3 f5 22. h3 Kf7 23. Rf3 dxc4 24. bxc4 Rd4 25. a4 a5 26. gxf5 exf5 27. Re3
Rdd6 28. Re5 Kf8 29. Kf3 Kf7 30. Rd5 Rxd5 31. cxd5 Rd6 32. e4 Ke7 33. Rb1 Kd7
34. Ke3 Ke7 35. h4 Kf7 36. Kd2 h6 37. Kc3 Ke7 38. Kc4 fxe4 39. dxe4 Rf6 40. Rf1
g5 41. hxg5 hxg5 42. f5 Kd6 43. Rg1 Ke5 44. Rg4 Rh6 45. Rxg5 Kxe4 46. Rg6 Rh1
47. Rxb6 Rc1+ 48. Kb5 Kxd5 49. Kxa5 Rf1 50. Rb2 Rxf5 51. Kb5 1/2-1/2

[Event "1. liga V 18/19, Orlova-Polabiny"]
[Site ""]
[Date "2018.12.09"]
[Round "4.6"]
[White "Fiedler, Bedrich"]
[Black "Kostka, Vit"]
[Result "1/2-1/2"]
[WhiteElo "2089"]
[BlackElo "2146"]
[PlyCount "0"]
[WhiteTeam "2222 SK Polabiny "C""]
[BlackTeam "SK Slavia Orlova"]
[EventDate "2018.10.21"]

1. d4 Nf6 2. Nf3 g6 3. c4 Bg7 4. Nc3 O-O 5. e4 d6 6. Be2 e5 7. O-O Nc6 8. d5
Ne7 9. Ne1 Ne8 10. f3 f5 11. g4 f4 12. h4 h6 13. Kg2 Bf6 14. Rh1 Kf7 15. Nd3
Ng7 16. Bd2 h5 17. g5 Bxg5 18. hxg5 Ng8 19. Qg1 Qxg5+ 20. Kf2 Qe7 21. Qg2 g5
22. Rag1 Kg6 23. Ke1 a6 24. Kd1 Nh6 25. Be1 Nf7 26. Bf2 c5 27. dxc6 bxc6 28. c5
Rd8 29. cxd6 Qxd6 30. Kc1 Ne6 31. Qh2 Rh8 32. Rd1 Qe7 33. Qg1 Rd8 34. Nc5 Nd4
35. Rxd4 exd4 36. Bxd4 Qd6 37. Nb3 Qe7 38. Qh2 h4 39. Rg1 Kh6 40. Bf2 Kh5 41.
Nd4 Ne5 42. Nf5 Bxf5 43. exf5 Rf8 44. Bxh4 gxh4 45. Qxf4 Rg8 46. Rg4 Ng6 47.
Rxg6 Rxg6 48. fxg6 Qg5 49. Qxg5+ Kxg5 50. Bf1 Kf4 51. Ne4 Rg8 52. Kd2 Rxg6 53.
Ke2 Rh6 54. Bh3 Rh8 55. Kf2 Rb8 1/2-1/2

[Event "1. liga V 18/19, Orlova-Polabiny"]
[Site ""]
[Date "2018.12.09"]
[Round "4.7"]
[White "Sramek, Vojtech"]
[Black "Trojan, Lubos"]
[Result "1-0"]
[WhiteElo "2147"]
[BlackElo "1992"]
[PlyCount "0"]
[WhiteTeam "SK Slavia Orlova"]
[BlackTeam "2222 SK Polabiny "C""]
[EventDate "2018.10.21"]

1. e4 e6 2. d4 d5 3. Nc3 Nf6 4. Bg5 Be7 5. e5 Nfd7 6. h4 a6 7. Qg4 Nc6 8. Bxe7
Qxe7 9. Qxg7 Rf8 10. O-O-O b5 11. Nf3 Bb7 12. Qxh7 Nb6 13. Rh3 O-O-O 14. Ng5
Rd7 15. Qh6 Na5 16. Qf6 Qe8 17. Rf3 Re7 18. h5 b4 19. Ne2 Nd7 20. Qf4 f6 21.
exf6 Rxf6 22. Qh4 Rh6 23. Nf4 Nc4 24. Bxc4 dxc4 25. Re3 Nf8 26. Rde1 Qd7 27.
Ne4 Bxe4 28. Rxe4 b3 29. axb3 cxb3 30. cxb3 Qc6+ 31. Kb1 Rd7 32. d5 Rxd5 33.
Nxd5 Qxd5 34. Qf4 Rh8 35. Rc4 c5 36. Qe5 Rxh5 37. Qxd5 Rxd5 38. b4 Rd2 39. Rc2
Rxc2 40. Kxc2 cxb4 41. Kb3 1-0

[Event "1. liga V 18/19, Orlova-Polabiny"]
[Site ""]
[Date "2018.12.09"]
[Round "4.8"]
[White "Just, Pavel"]
[Black "Walica, Roman"]
[Result "1/2-1/2"]
[WhiteElo "1965"]
[BlackElo "2047"]
[PlyCount "0"]
[WhiteTeam "2222 SK Polabiny "C""]
[BlackTeam "SK Slavia Orlova"]
[EventDate "2018.10.21"]

1. e4 e5 2. Nf3 Nc6 3. Bb5 a6 4. Bxc6 dxc6 5. O-O Bg4 6. h3 Bxf3 7. Qxf3 Qd7 8.
d3 O-O-O 9. Nd2 h5 10. Nc4 f6 11. Qe3 Kb8 12. Qe1 Bc5 13. Be3 Bxe3 14. Qxe3 g5
15. b4 h4 16. a4 Qd4 17. Rfb1 Ne7 18. Ra2 Rhg8 19. f3 Rge8 20. a5 Nc8 21. Qxd4
Rxd4 22. Rab2 Red8 23. Kf1 Ne7 24. Ne3 Ng6 25. Kf2 Nf4 26. Kf1 b6 27. Kf2 Kb7
28. Kf1 b5 29. Rd1 Kc8 30. Kf2 Ne6 31. Rbb1 R4d6 32. Nf5 R6d7 33. Ne3 Nf4 34.
Kf1 Kb7 35. Rb3 Ne6 36. Rc3 Rd4 37. Rb1 Ng7 38. Rbb3 R4d7 39. Rb1 Ne6 40. Kf2
Rd6 41. Nf5 R6d7 42. Kf1 Nf4 1/2-1/2

[Event "1. liga V 18/19, Polabiny-Jundrov"]
[Site ""]
[Date "2019.01.06"]
[Round "5.1"]
[White "Varejcko, Josef"]
[Black "Bures, Jaroslav"]
[Result "1/2-1/2"]
[WhiteElo "2206"]
[BlackElo "2393"]
[PlyCount "0"]
[WhiteTeam "2222 SK Polabiny "C""]
[BlackTeam "Jezdci Jundrov"]
[EventDate "2018.10.21"]

1. d4 Nf6 2. g3 c5 3. c3 cxd4 4. cxd4 d5 5. Bg2 e6 6. Nf3 Bd6 7. O-O O-O 8. Nc3
Nc6 9. Bg5 h6 10. Bxf6 Qxf6 11. e4 dxe4 12. Nxe4 Qe7 13. Rc1 Rd8 14. Qa4 Bd7
15. Nc5 Be8 16. Rfe1 Rac8 17. Nd3 Nb4 18. Qd1 Nxd3 19. Qxd3 Rxc1 20. Rxc1 Bc6
21. Qe3 Bc7 22. Ne5 Bxg2 23. Kxg2 Bb6 24. Nf3 Qb4 25. b3 Qa5 26. a4 Qd5 27. Rc4
f6 28. a5 1/2-1/2

[Event "1. liga V 18/19, Polabiny-Jundrov"]
[Site ""]
[Date "2019.01.06"]
[Round "5.2"]
[White "Pisk, Petr"]
[Black "Jirasek, Pavel"]
[Result "1/2-1/2"]
[WhiteElo "2329"]
[BlackElo "2262"]
[PlyCount "0"]
[WhiteTeam "Jezdci Jundrov"]
[BlackTeam "2222 SK Polabiny "C""]
[EventDate "2018.10.21"]

1. e4 c5 2. Nf3 Nc6 3. Nc3 d6 4. Bb5 e5 5. d3 Be7 6. Nd5 Nf6 7. Nxe7 Qxe7 8. h3
O-O 9. c3 a6 10. Bxc6 bxc6 11. O-O Rb8 12. Re1 Nh5 13. d4 cxd4 14. cxd4 Qf6 15.
b3 Re8 16. Be3 exd4 17. Nxd4 Qg6 18. Nf5 Rb5 19. Qg4 1/2-1/2

[Event "1. liga V 18/19, Polabiny-Jundrov"]
[Site ""]
[Date "2019.01.06"]
[Round "5.3"]
[White "Ludvik, Tomas"]
[Black "Pakosta, Miroslav"]
[Result "0-1"]
[WhiteElo "2089"]
[BlackElo "2166"]
[PlyCount "0"]
[WhiteTeam "2222 SK Polabiny "C""]
[BlackTeam "Jezdci Jundrov"]
[EventDate "2018.10.21"]

1. d4 c5 2. d5 f5 3. Nc3 Nf6 4. Bg5 Qb6 5. Rb1 h6 6. Bxf6 Qxf6 7. e3 d6 8. Nge2
Na6 9. Nf4 Nc7 10. Be2 g5 11. Nh5 Qe5 12. Qd2 Rg8 13. h4 Bd7 14. a4 a6 15. a5
e6 16. hxg5 hxg5 17. f4 gxf4 18. exf4 Qh8 19. dxe6 Bxe6 20. Bf3 O-O-O 21. Kf2
d5 22. Rbe1 Qh6 23. Na4 Bf7 24. Re5 Qg6 25. Rh3 Bd6 26. Rg3 Qh7 27. Nb6+ Kb8
28. Rxg8 Bxg8 29. Re1 Bf7 30. Rh1 Qh6 31. g3 c4 32. Kg2 Be7 33. Qd4 Qd6 34. Qg7
Bxh5 35. Rxh5 Bf6 36. Qh7 Bxb2 37. Qxf5 Qb4 38. Nxd5 Qd2+ 39. Kh3 Nb5 40. Be4
Qxa5 41. Rh7 Nd6 42. Qe6 Nxe4 43. Ne3 Nd6 44. f5 Bd4 45. Rd7 Rxd7 46. Qxd7 Qc5
47. Qd8+ Ka7 48. f6 Bxe3 49. Qe7 Qh5+ 50. Kg2 Qe2+ 51. Kh3 Qf1+ 0-1

[Event "1. liga V 18/19, Polabiny-Jundrov"]
[Site ""]
[Date "2019.01.06"]
[Round "5.4"]
[White "Musil, Jiri"]
[Black "Cerny, David"]
[Result "0-1"]
[WhiteElo "2198"]
[BlackElo "2081"]
[PlyCount "0"]
[WhiteTeam "Jezdci Jundrov"]
[BlackTeam "2222 SK Polabiny "C""]
[EventDate "2018.10.21"]

1. d4 Nf6 2. c4 c5 3. d5 e6 4. Nc3 exd5 5. cxd5 d6 6. Nf3 g6 7. Nd2 Nbd7 8. e4
a6 9. a4 Bg7 10. Nc4 Nb6 11. Bf4 Nxc4 12. Bxc4 O-O 13. O-O Re8 14. Re1 Nh5 15.
Be3 Bxc3 16. bxc3 Rxe4 17. Bd3 Re5 18. Qb3 Qf6 19. g3 Qf3 20. c4 Nxg3 21. fxg3
Rxe3 22. Rf1 Qg4 23. Rae1 Qd4 24. Rxe3 Qxe3+ 25. Kg2 Qd2+ 26. Rf2 Bh3+ 27. Kg1
Qb4 28. Qxb4 cxb4 29. a5 Re8 30. Rb2 Re3 31. Be2 b3 32. Kf2 Rc3 33. Bd1 Rxc4
34. Rxb3 Ra4 35. Rxb7 Rxa5 36. Bf3 Rb5 37. Ra7 Rb2+ 38. Ke3 Rb3+ 39. Kf2 Rb2+
40. Ke3 Rb6 41. Be2 Kg7 42. Rxa6 Rxa6 43. Bxa6 f5 44. Bd3 Kf6 45. Kd4 Bg2 46.
Bc4 g5 47. Bd3 h6 48. Bb5 f4 49. gxf4 gxf4 50. Bd7 Bf3 51. Bh3 Kg5 52. Bd7 Bg4
53. Bb5 Bf5 54. Be2 Kh4 55. Bf1 Kg4 56. Bg2 f3 57. Bf1 Kf4 58. h3 Kg3 59. Ke3
Bxh3 0-1

[Event "1. liga V 18/19, Polabiny-Jundrov"]
[Site ""]
[Date "2019.01.06"]
[Round "5.5"]
[White "Pulpan, Matej"]
[Black "Hosek, Martin"]
[Result "0-1"]
[WhiteElo "2077"]
[BlackElo "2153"]
[PlyCount "0"]
[WhiteTeam "2222 SK Polabiny "C""]
[BlackTeam "Jezdci Jundrov"]
[EventDate "2018.10.21"]

1. e4 Nf6 2. Nc3 d5 3. exd5 Nxd5 4. Nf3 g6 5. d4 Bg7 6. Bc4 Nb6 7. Bb3 Nc6 8.
Be3 O-O 9. h3 Na5 10. O-O Nbc4 11. Bxc4 Nxc4 12. b3 Nxe3 13. fxe3 c5 14. Ne4 b6
15. c3 Bb7 16. Qd3 Rc8 17. c4 e5 18. Ng3 exd4 19. exd4 Bxf3 20. Qxf3 Bxd4+ 0-1

[Event "1. liga V 18/19, Polabiny-Jundrov"]
[Site ""]
[Date "2019.01.06"]
[Round "5.6"]
[White "Skacelik, Petr"]
[Black "Gloser, David"]
[Result "1/2-1/2"]
[WhiteElo "2162"]
[BlackElo "2148"]
[PlyCount "0"]
[WhiteTeam "Jezdci Jundrov"]
[BlackTeam "2222 SK Polabiny "C""]
[EventDate "2018.10.21"]

1. d4 Nf6 2. c4 g6 3. Nc3 d5 4. Bg5 Ne4 5. Bh4 Nxc3 6. bxc3 dxc4 7. e3 Be6 8.
Nh3 Bxh3 9. gxh3 Bg7 10. Bxc4 O-O 11. O-O Nd7 12. Qf3 c6 13. Rab1 Nb6 14. Bb3
Qd7 15. Rfd1 h6 16. Kg2 Kh8 17. Bg3 f5 18. h4 Nd5 19. Rd3 Nf6 20. Qe2 Nh5 21.
f4 Nf6 22. c4 h5 23. Bc2 Rab8 24. Rdb3 e6 25. Be1 Rfc8 26. c5 Nd5 27. Kh3 Bxd4
28. Qc4 Nxe3 29. Rxe3 Bxe3 30. Rd1 Qe7 31. Qc3+ Kg8 32. Qxe3 Rd8 33. Bc3 Rxd1
34. Bxd1 Kh7 35. Bb3 Re8 36. Qe5 Kh6 37. Qd6 Kh7 38. Be5 Kh6 39. a4 Kh7 40. a5
a6 41. Qd4 Kh6 42. Bf6 Qf7 43. Bg5+ Kh7 44. Qd6 Qg7 45. Qe5 Qxe5 46. fxe5 Kg7
47. Kg3 Kf7 48. Kf3 Rc8 49. Ke3 Rc7 50. Kd3 Rd7+ 51. Kc3 Rc7 1/2-1/2

[Event "1. liga V 18/19, Polabiny-Jundrov"]
[Site ""]
[Date "2019.01.06"]
[Round "5.7"]
[White "Mojzis, Jaroslav"]
[Black "Bednar, Jakub"]
[Result "1/2-1/2"]
[WhiteElo "2098"]
[BlackElo "2190"]
[PlyCount "0"]
[WhiteTeam "2222 SK Polabiny "C""]
[BlackTeam "Jezdci Jundrov"]
[EventDate "2018.10.21"]

1. d4 Nf6 2. c4 e6 3. g3 d5 4. Bg2 Be7 5. Nf3 O-O 6. O-O b6 7. Nc3 Bb7 8. cxd5
Nxd5 9. Qc2 Nd7 10. Rd1 N7f6 11. Bg5 Nxc3 12. bxc3 Be4 13. Qb3 Qc8 14. c4 Qb7
15. Qe3 h6 16. Bxf6 Bxf6 17. Rac1 Rfd8 18. h4 Rac8 19. Ne1 Bxg2 20. Nxg2 c5 21.
dxc5 Rxd1+ 22. Rxd1 Rxc5 23. Qd3 Qc8 24. Ne3 h5 25. Rd2 g6 26. Qa3 Ra5 27. Qb3
Qa6 28. Qc2 Ra3 29. Kg2 Kg7 30. Kg1 Qa5 31. Kg2 Qc5 32. Qe4 Qc7 33. Kh2 Ra4 34.
Qc2 Rb4 35. Qd3 a5 36. a3 Rb2 37. Rxb2 Bxb2 38. a4 Qc6 39. Qc2 Bd4 40. Nd1 Qc5
41. e3 Bf6 42. Nb2 Qb4 43. Nd3 Qd6 44. Kg2 Qc6+ 45. Kg1 Qe4 46. Ne1 Qxc2 47.
Nxc2 Kf8 48. Ne1 Ke7 49. Nd3 Kd6 50. Kf1 Bc3 51. Ke2 e5 52. e4 1/2-1/2

[Event "1. liga V 18/19, Polabiny-Jundrov"]
[Site ""]
[Date "2019.01.06"]
[Round "5.8"]
[White "Tovarek, Antonin"]
[Black "Kourek, Josef"]
[Result "0-1"]
[WhiteElo "1995"]
[BlackElo "2115"]
[PlyCount "0"]
[WhiteTeam "Jezdci Jundrov"]
[BlackTeam "2222 SK Polabiny "C""]
[EventDate "2018.10.21"]

1. e4 c5 2. c3 d6 3. d4 Nf6 4. dxc5 Nc6 5. Qc2 dxc5 6. Nf3 Qc7 7. Be3 e6 8. Bb5
Bd7 9. O-O a6 10. Bd3 Bd6 11. h3 h6 12. Nbd2 b5 13. Rfe1 g5 14. a4 Rb8 15. axb5
axb5 16. e5 Nxe5 17. Nxe5 Bxe5 18. Ne4 Nxe4 19. Bxe4 O-O 20. g4 Kg7 21. Ra6 Bf4
22. Qd2 Rfd8 23. Bxf4 Qxf4 24. Qxf4 gxf4 25. Rd1 Be8 26. Rad6 Rxd6 27. Rxd6 Kf6
28. Rd2 b4 29. c4 Ba4 30. Bf3 Bb3 31. Be2 Ra8 32. Kg2 Ra1 33. Kf3 Rc1 34. Kxf4
Bxc4 35. Bf3 Bb3 36. Be4 Rd1 37. Re2 Bd5 38. h4 Bxe4 39. Kxe4 Rd4+ 40. Kf3 e5
41. Kg3 Ke6 42. f3 Kd5 43. Kf2 c4 44. Rc2 Rd3 45. h5 Rd1 46. Ke2 Rh1 47. Ke3
Re1+ 48. Kf2 Rb1 49. Ke3 b3 50. Rd2+ Kc5 51. Ke4 Re1+ 52. Kf5 Rf1 53. Kxe5 Rxf3
54. Ke4 Rg3 55. Kf4 c3 56. bxc3 Rxc3 57. g5 hxg5+ 58. Kxg5 Rh3 59. Rd8 Kc4 60.
Rf8 b2 61. Rb8 Kc3 62. h6 Rh1 63. Rc8+ Kd3 64. Rd8+ Ke4 65. Re8+ Kd5 66. Rd8+
Ke6 67. h7 b1=Q 68. Re8+ Kd7 69. h8=Q Rxh8 70. Rxh8 Qg6+ 0-1

[Event "1. liga V 18/19, Kromeriz-Orlova"]
[Site ""]
[Date "2019.01.06"]
[Round "5.1"]
[White "Malinovsky, Karel"]
[Black "Kislinsky, Alexey"]
[Result "1/2-1/2"]
[WhiteElo "2462"]
[BlackElo "2417"]
[PlyCount "0"]
[WhiteTeam "Slavia Kromeriz"]
[BlackTeam "SK Slavia Orlova"]
[EventDate "2018.10.21"]

1. e4 c5 2. Nf3 g6 3. d4 cxd4 4. Nxd4 Bg7 5. c4 Qb6 6. Nb3 Qc7 7. Be2 d6 8. O-O
Nc6 9. Qc2 Nf6 10. Nc3 O-O 11. Nd5 Qd8 12. Bg5 a5 13. a4 Re8 14. Rfd1 Nxd5 15.
cxd5 Nb4 16. Qd2 Bd7 17. Rdc1 Bf6 18. Be3 e6 19. dxe6 Rxe6 20. Bg4 Re7 21. Bxd7
Rxd7 22. Rd1 Rc8 23. Rac1 Rxc1 24. Rxc1 Re7 25. Nxa5 Na6 26. Nc4 Re6 27. b4 h5
28. f3 Nc7 29. Rd1 b5 30. axb5 Nxb5 31. Nb6 Be5 32. Rc1 Re8 33. Rc8 Qe7 34.
Rxe8+ Qxe8 35. Nd5 Qa8 36. g3 Qa1+ 37. Kg2 Na3 38. Nb6 Qb1 39. Bf4 Nc2 40. Bxe5
Ne1+ 41. Kf2 Nd3+ 42. Ke2 Nxe5 43. Qxd6 Qa2+ 44. Ke3 Qb3+ 45. Kf4 Nxf3 46. Nd5
Nxh2 47. Kg5 Qb2 48. Nf6+ Kg7 49. Ne8+ Kh7 50. Nf6+ Kg7 51. Ne8+ Kh7 52. Nf6+ 1/2-1/2

[Event "1. liga V 18/19, Kromeriz-Orlova"]
[Site ""]
[Date "2019.01.06"]
[Round "5.2"]
[White "Mrazek, Lumir"]
[Black "Lanc, Alois"]
[Result "0-1"]
[WhiteElo "2379"]
[BlackElo "2287"]
[PlyCount "0"]
[WhiteTeam "SK Slavia Orlova"]
[BlackTeam "Slavia Kromeriz"]
[EventDate "2018.10.21"]

1. e4 e5 2. f4 exf4 3. Nf3 d6 4. d4 g5 5. h4 g4 6. Ng1
Qf6 7. Nc3 Ne7 8. Nge2 Bh6 9. g3 fxg3 10. Nxg3 Bxc1 11. Rxc1 Bd7 12. e5 dxe5
13. Nce4 Qf4 14. Rh2 Nbc6 15. Rf2 Qe3+ 16. Re2 Qh6 17. dxe5 O-O-O 18. Qd2 Qxd2+
19. Rxd2 Nxe5 20. Kf2 f5 21. Nf6 f4 22. Nge4 Bc6 23. Rxd8+ Rxd8 24. Re1 Nf5 25.
Nxg4 Nxg4+ 26. Kf3 Nfe3 27. Bh3 h5 28. Kxf4 Nxc2 29. Re2 Nd4 30. Re1 Rf8+ 0-1